Statistiche per Allenatori serie A dal 2010

Clicka qui per fare il quiz!

Statistiche generali

  • Questo quiz è stato fatto 865 volte
  • Il punteggio medio è 115 su 241

Statistiche sulle risposte

StagioneAllenatore% Corretto
2010-11 | 2011-12 | 2012-13 | +2 othersGian Piero Gasperini
96%
2010-14 | 2014-19Massimiliano Allegri
96%
2011-14 | 2019-Antonio Conte
95%
2014-15 | 2018-19 | 2020-Filippo Inzaghi
93%
2014-15 | 2015-18 | 2019-20Maurizio Sarri
93%
2016-Simone Inzaghi
93%
2010-11 | 2011-14 | 2014-16 | +3 othersStefano Pioli
93%
2020-Andrea Pirlo
89%
2015-17 | 2017-19Luciano Spalletti
88%
2018-19 | 2019-Gennaro Gattuso
84%
2018-20Carlo Ancelotti
80%
2010-13 | 2013-15 | 2017-20Walter Mazzarri
80%
2010-11 | 2011-12 | 2013-14 | +4 othersEusebio Di Francesco
79%
2010-12 | 2013-15 | 2015-16 | +2 othersSinisa Mihajlovic
76%
2010-11 | 2011-12 | 2019- | 2019-20Claudio Ranieri
74%
2010-11 | 2011-12 | 2015-16 | +3 othersMarco Giampaolo
70%
2016-17 | 2017-18 | 2018-Roberto De Zerbi
70%
2010-11 | 2011-12 | 2012-15 | +3 othersVincenzo Montella
70%
2020-Vincenzo Italiano
69%
2014-16Roberto Mancini
67%
2016-17 | 2016-18 | 2018-19 | 2019-Ivan Juric
66%
2010-11 | 2013-15Rafael Benitez
66%
2011-13 | 2014-15Andrea Stramaccioni
65%
2010-11 | 2011-12 | 2012-13 | +4 othersDavide Ballardini
65%
2019-Paulo Fonseca
65%
2013-14Clarence Seedorf
64%
2016-17Frank De Boer
62%
2010-11 | 2012-13 | 2015-16 | 2016-18Luigi Del Neri
61%
2012-13 | 2014-15 | 2016-17Zdenek Zeman
58%
2013-14 | 2016-18 | 2018-19 | 2019-20Davide Nicola
57%
2013-16Rudi Garcia
55%
2018-19 | 2020-Cesare Prandelli
54%
2012-16Giampiero Ventura
54%
2018-19Gianmpietro Ventura
54%
2010-11Gianpiero Ventura
54%
2012-13 | 2018-19 | 2019-20Aurelio Andreazzoli
52%
2010-11 | 2012-13 | 2014-16 | +5 othersGiuseppe Iachini
50%
2019-20Thiago Motta
48%
2010-12 | 2013-14 | 2014-16Edoardo Reja
47%
2019-Luca Gotti
47%
2010-11 | 2011-15 | 2015-18Roberto Donadoni
45%
2011-15 | 2015-16Stefano Colantuono
45%
2018-20Roberto D'Aversa
44%
2012-14 | 2014-18 | 2018-20 | 2020-Rolando Maran
44%
2013-14Rolando Maran
44%
2015-16 | 2017-18 | 2019-20Walter Zenga
43%
2011-12Delio Rossi
42%
2010-11 | 2012-14 | 2015-16Delio Rossi
42%
2013-14 | 2019-20 | 2020-Fabio Liverani
41%
2015-16Christian Brocchi
40%
2017-20Leonardo Semplici
40%
2015-17Paulo Sousa
40%
2017-18 | 2018-20Igor Tudor
39%
2010-11Leonardo
39%
2010-14Francesco Guidolin
37%
2011-12Luis Enrique
37%
2012-13 | 2013-15 | 2016-17 | 2019-20Eugenio Corini
36%
2015-16Fabrizio Castori
35%
2010-11 | 2011-12 | 2012-13Serse Cosmi
35%
2013-14 | 2016-17 | 2019-20Diego Lopez
34%
2017-18Diego Lopez
34%
2010-11Diego Simeone
31%
2012-13 | 2020-Giovanni Stroppa
31%
2010-11 | 2011-12 | 2012-13 | 2013-14Alberto Malesani
30%
2012-14Vladimir Petkovic
30%
2019-20Fabio Grosso
29%
2012-13Ciro Ferrara
28%
2013-16 | 2016-17Andrea Mandorlini
27%
2016-17Stefano Vecchi
27%
2017-18 | 2018-19Marco Baroni
24%
2016-17 | 2017-18Massimo Oddo
24%
2010-11 | 2011-13 | 2013-14 | +2 othersDomenico Di Carlo
20%
2018-19 | 2019-20Moreno Longo
19%
2015-16Roberto Stellone
17%
2010-11 | 2011-12Pasquale Marino
16%
2011-13 | 2013-14 | 2015-16Luigi De Canio
15%
2011-12Attilio Tesser
14%
2011-12Emiliano Mondonico
14%
2010-11 | 2011-12 | 2014-15Pierpaolo Bisoli
14%
2019-20Luigi Di Biagio
13%
2015-16Walter Novellino
13%
2010-11 | 2011-12Bortolo Mutti
12%
2012-13 | 2017-18Cristian Bucchi
12%
2014-15Gianfranco Zola
12%
2011-12 | 2012-13 | 2013-14 | 2015-16Giuseppe Sannino
12%
2016-18Massimo Rastelli
12%
2011-12Devis Mangia
11%
2016-17Giovanni Martusciello
11%
2012-13 | 2013-14Ivo Pulga
9%
2010-11 | 2011-12Mario Beretta
9%
2010-11Alberto Cavasin
8%
2010-12Franco Colomba
8%
2015-16Giovanni Tedesco
8%
2017-19Lorenzo D'Anna
8%
2010-11 | 2011-12 | 2011-13Massimo Ficcadenti
8%
2018-19Julio Velazquez
7%
2011-12Daniele Arrigoni
6%
2014-15Gianluca Festa
6%
2011-12Vincenzo Guerini
5%
2015-16Giovanni Bosi
4%
2013-14Attilio Perotti
3%
2012-13Cristiano Bergodi
3%
2015-16Fabio Viviani
3%
2013-14Maurizio Pellegrino
3%
2010-11Paolo Magnani
3%
2016-17Diego Bortoluzzi
2%

Distribuzione punteggi

Percentile per numero di risposta

Percentuale di utenti per punteggio

I tuoi punteggi nel tempo

Non hai fatto questo quiz